The penguin book of Indian railway stories / (Record no. 61934)

MARC details
000 -LEADER
fixed length control field 01140nam a22002297a 4500
005 - DATE AND TIME OF LATEST TRANSACTION
control field 20120203111810.0
010 ## - LCCN (DPL NO)
LC control number B-452355-357
020 ## - INTERNATIONAL STANDARD BOOK NUMBER
International Standard Book Number 9780140240665
Terms of availability 199.00
035 ## - SYSTEM CONTROL NUMBER
System control number B-452355-357
037 ## - SOURCE OF ACQUISITION
Source of stock number/acquisition Virtuous Pub/Ven
082 ## - DEWEY DECIMAL CLASSIFICATION NUMBER
Classification number S
245 ## - TITLE STATEMENT
Title The penguin book of Indian railway stories /
Statement of responsibility, etc edited by Ruskin Bond
260 ## - PUBLICATION, DISTRIBUTION, ETC. (IMPRINT)
Place of publication, distribution, etc New Delhi
Name of publisher, distributor, etc Penguin Books
Date of publication, distribution, etc 1994
270 ## - ADDRESS
Address 11 Community Centre,Panchsheel Park,
City New Delhi
Postal code 110017
300 ## - PHYSICAL DESCRIPTION
Extent 184p.
Dimensions 20cm(pbk)
700 ## - ADDED ENTRY--PERSONAL NAME
Personal name Bond,Ruskin
9 (RLIN) 40750
942 ## - ADDED ENTRY ELEMENTS (KOHA)
Source of classification or shelving scheme Dewey Decimal Classification
Item type English Books
Call number suffix THE
Classification part S
Holdings
Withdrawn status Lost status Not for loan Collection code Home library Current library Date acquired Source of acquisition Cost, normal purchase price Full call number Barcode Copy number Cost, replacement price Koha item type
      Fiction Central Library Central Library 16/02/2012 Virtuous Pub/686/14.10.2011/05/15.09.2011/29.11.2011 199.00 S THE B-452355 1 199.00 English Books
      Fiction Patel Nagar Patel Nagar 16/02/2012 Virtuous Pub/686/14.10.2011/05/15.09.2011/29.11.2011 199.00 S THE B-452356 1 199.00 English Books
      Fiction Sarojini Nagar Sarojini Nagar 16/02/2012 Virtuous Pub/686/14.10.2011/05/15.09.2011/29.11.2011 199.00 S THE B-452357 1 199.00 English Books

© Delhi Public Library
Hit Counter
free hit counter